Akhlaaq Indal Ghazali (Record no. 1665)

MARC details
000 -LEADER
fixed length control field 00593nam a2200241 a 4500
020 ## - INTERNATIONAL STANDARD BOOK NUMBER
ISBN
082 00 - DEWEY DECIMAL CLASSIFICATION NUMBER
Classification number 297.4
Author Cutter MUB
100 ## - MAIN ENTRY--AUTHOR NAME
Author name Mubarak, Zaki
245 ## - TITLE STATEMENT
Title Akhlaaq Indal Ghazali
260 ## - PUBLICATION, DISTRIBUTION, ETC. (IMPRINT)
Place of publication Cairo
Name of publisher University of Egypt
Year of publication 1924
300 ## - PHYSICAL DESCRIPTION
Number of Pages 434p
500 ## - GENERAL NOTE
General note includes index and biblioraphy
505 2# - FORMATTED CONTENTS NOTE
Formatted contents note 12 Volumes in Bounded in Six Volumes
650 ## - SUBJECT ADDED ENTRY--TOPICAL TERM
Topical Term Sufism-Ghazali
942 ## - ADDED ENTRY ELEMENTS (KOHA)
Koha item type Books
700 1# -
-- Mubarak, Zaki
Holdings
Collection code Home library Current library Date acquired Cost, normal purchase price Full call number Accession Number Koha item type
  Henry Martyn Institute Library Henry Martyn Institute Library 09/19/2007 100.00 297.4 MUB 04647 Books
                   Copyright © 2026 | Henry Martyn Institute | Hyderabad | TS-500052 | INDIA | Implemented by hmi.edu.in
Hit-Count:

Powered by Koha